02042agaaa2200313 45000010005000000030009000050050017000140070009000310080040000400400023000800410013001031000045001161300022001612400031001832450170002142460024003842500022004082600113004303000034005435080143005775110089007205200651008095380016014605460013014766500066014897000057015557000056016127000060016689420IT-RoPAU20220918181246.0d cvaizq50131s9999||||xx ||| | || ||und|| aIT-RoPAUcIT-RoPAU aITALIANO aBoyle DannygCodice regista SPICS: 49084 aMILLIONAIRE (THE) aSLUMDOG MILLIONAIREgT3817 aMILLIONAIRE (THE)cProdotto da: Colson Christian -- Sceneggiatura: Beaufoy Simon -- Diretto da: Boyle DannypMILLIONAIRE (THE) (Rif. Codice opera principale : H9420) aSLUMDOG MILLIONAIRE aEdizione Standard a(UK - USA)bCELADOR FILM - FILM4 / Distribuzione: MONDADORIg"2008 (1° ed.: 2009 ; Ed. Lingua Orig.: 2008)" aDVDbsonoro, col.c115 minuti a"Fotografia: Mantle Anthony Dod; Montaggio: Dickens Chris; Musica: Rahman Anisur; Sceneggiatura: Beaufoy Simon; Scenografia: Digby Mark; " a"Patel Dev; Pinto Freida; Mittal Madhur; Kapoor Anil; Khan Irrfan; Manjrekar Mahesh" a"DAVANTI AD UN PUBBLICO SBALORDITO, IL GIOVANE JAMAL, CRESCIUTO NEGLI SLUM DI MUMBAI, AFFRONTA L'ULTIMA DOMANDA, QUELLA CHE POTREBBE FARGLI VINCECE LASOMMA DI 20 MILIONI DI RUPIE. IL CONDUTTORE DEL PROGRAMMA RIFIUTA DI CREDERE CHE UN RAGAZZO DEI QUARTIERI POVERI POSSA CONOSCERE TUTTE LE RISPOSTE E COSI' LO FA ARRESTARE. RIPERCORRENDO UNA PER UNA LE DOMANDE JAMAL RICOSTRUISCE LA STORIA DELLA SUA VITA TRASCORSA SULLA STRADA CERCANDO DI RITROVARE LA RAGAZZA CHE HA SEMPRE AMATO. VINCITORE DI 8 PREMI OSCAR. CONTENUTI EXTRA:COMMENTO AUDIO DEL REGISTA E DEL PROTAGONISTA; MAKING OF; DIETRO LE QUINTE; SCENA DELLA LATRINA; SCENE TAGLIATE; TRAILER." aPAL, STEREO aITALIANO aDRAMMA - ROMANTICeDVD-FILM [DVD]xCodice MATERIA SPICS: 9947 aBoyle Danny e(regista)gCodice regista SPICS: 49084 aRahman Anisure(musica)gCodice Musica SPICS: 47446 aSwarup Vikas e(soggetto)gCodice Soggetto SPICS: 59756